[Event "Trebic Highlands op 12th"]
[Site "Trebic"]
[Date "2018.09.29"]
[Round "9"]
[White "Mezlik, Stanislav"]
[Black "Bar Or, Ornan"]
[Result "1/2-1/2"]
[WhiteElo "1885"]
[BlackElo "1931"]
[PlyCount "104"]
[EventDate "2018.09.22"]
[EventType "swiss"]
[EventRounds "9"]
[EventCountry "CZE"]
[SourceTitle "CBM 186 Extra"]
[Source "ChessBase"]
[SourceDate "2018.08.24"]
[SourceVersion "1"]
[SourceVersionDate "2018.08.24"]
[SourceQuality "1"]

1. e4 c5 2. Nf3 d6 3. d4 cxd4 4. Nxd4 Nf6 5. Nc3 g6 6. g3 Bg7 7. Bg2 0-0 8. 0-0 Nc6 9. Nde2 Bd7 10. h3 Qc8 11. Kh2 h5 12. Bf4 Rb8 13. Qc1 Kh7 14. Bg5 Re8 15. Qf4 Ne5 16. Rac1 b5 17. Bxf6 Bxf6 18. Nd5 Bg7 19. Qh4 Qd8 20. b3 Be6 21. f4 Nc6 22. f5 Bxd5 23. fxg6+ fxg6 24. exd5 Ne5 25. Be4 Kg8 26. Qg5 Bf6 27. Qe3 Qb6 28. Qxb6 Rxb6 29. c3 Rbb8 30. Kg2 Kh7 31. Rc2 Rec8 32. Nf4 a5 33. Nxh5 Rf8 34. Nf4 Rfe8 35. g4 a4 36. Ne6 axb3 37. axb3 Ra8 38. g5 Bg7 39. Nd4 b4 40. Nc6 bxc3 41. Rxc3 Ra2+ 42. Kg3 Nxc6 43. Rxc6 Rb8 44. Bc2 Rb5 45. Rf7 Rxd5 46. Rxe7 Rxg5+ 47. Kf4 Rc5 48. Rxc5 dxc5 49. Re2 Ra6 50. Be4 Rf6+ 51. Kg5 Re6 52. Kg4 Bd4 1/2-1/2

[Event "Hradec Kralove op 7th"]
[Site "Hradec Kralove"]
[Date "2016.10.05"]
[Round "6"]
[White "Bar Or, Ornan"]
[Black "Wolf, Andreas"]
[Result "1-0"]
[WhiteElo "1937"]
[BlackElo "2043"]
[PlyCount "115"]
[EventDate "2016.10.01"]
[EventType "swiss"]
[EventRounds "9"]
[EventCountry "CZE"]
[SourceTitle "EXT 2017"]
[Source "ChessBase"]
[SourceDate "2016.10.25"]
[SourceVersion "1"]
[SourceVersionDate "2016.10.25"]
[SourceQuality "1"]

1. e4 c5 2. Nf3 e6 3. d3 Nc6 4. Nbd2 d5 5. g3 Nf6 6. Bg2 Be7 7. 0-0 0-0 8. e5 Ng4 9. Re1 f6 10. exf6 Nxf6 11. Nf1 Bd6 12. c4 d4 13. N1d2 e5 14. h3 Nb4 15. Ne4 Nxe4 16. Rxe4 Bf5 17. Nh4 Bxe4 18. Bxe4 Qf6 19. Qe2 Nc6 20. Bd2 Ne7 21. b3 Rab8 22. Rf1 b6 23. Qg4 g6 24. Bg5 h5 25. Bxf6 hxg4 26. Bxe7 Bxe7 27. Nxg6 Rf7 28. Bd5 Bf6 29. hxg4 Kg7 30. Bxf7 Kxf7 31. Nh4 Rg8 32. Nf5 Ke6 33. f3 e4 34. fxe4 Rxg4 35. Kg2 Rg8 36. Ra1 a6 37. Rb1 b5 38. Rc1 Rc8 39. Rc2 Rc7 40. Kf3 Be5 41. Rh2 bxc4 42. bxc4 Rb7 43. Rh6+ Bf6 44. g4 Ke5 45. Rg6 Rb2 46. g5 Bd8 47. Rg8 Bxg5 48. Rxg5 Rd2 49. Ng3+ Ke6 50. Rxc5 Rxd3+ 51. Kf4 Ra3 52. Rd5 d3 53. Nf5 a5 54. Ke3 d2+ 55. Kxd2 Rxa2+ 56. Kd3 a4 57. Nd4+ Ke7 58. Nc2 1-0

[Event "Hradec Kralove op 7th"]
[Site "Hradec Kralove"]
[Date "2016.10.01"]
[Round "1"]
[White "Mikulenka, Tomas"]
[Black "Bar Or, Ornan"]
[Result "0-1"]
[WhiteElo "1575"]
[BlackElo "1937"]
[PlyCount "28"]
[EventDate "2016.10.01"]
[EventType "swiss"]
[EventRounds "9"]
[EventCountry "CZE"]
[SourceTitle "EXT 2017"]
[Source "ChessBase"]
[SourceDate "2016.10.25"]
[SourceVersion "1"]
[SourceVersionDate "2016.10.25"]
[SourceQuality "1"]

1. e4 c5 2. Nf3 d6 3. d4 cxd4 4. Nxd4 Nf6 5. Nc3 g6 6. f3 Bg7 7. Be3 0-0 8. Qd2 Nc6 9. 0-0-0 d5 10. Nxc6 bxc6 11. h4 Qa5 12. Kb1 Rb8 13. Nxd5 Rxb2+ 14. Kxb2 Nxe4+ 0-1

[Event "Liberec op 13th"]
[Site "Liberec"]
[Date "2012.10.22"]
[Round "3"]
[White "Sedlak, Jaroslav"]
[Black "Bar Or, Ornan"]
[Result "0-1"]
[WhiteElo "1648"]
[BlackElo "1940"]
[PlyCount "44"]
[EventDate "2012.10.20"]
[EventType "swiss"]
[EventRounds "9"]
[EventCountry "CZE"]
[SourceTitle "EXT 2013"]
[Source "ChessBase"]
[SourceDate "2012.11.22"]
[SourceVersion "1"]
[SourceVersionDate "2012.11.22"]
[SourceQuality "1"]

1. f4 g6 2. Nc3 Bg7 3. e3 Nf6 4. b3 0-0 5. Bb2 d6 6. h3 c5 7. Be2 Nc6 8. Bf3 Bd7 9. Nge2 a6 10. Ng3 Rc8 11. Qe2 b5 12. a3 b4 13. axb4 Nxb4 14. Rc1 d5 15. Ba3 d4 16. exd4 cxd4 17. Bxb4 dxc3 18. Bxc3 Bb5 19. Qe3 e6 20. Bb4 Re8 21. c4 Nd5 22. Bxd5 exd5 0-1